| Tag |
First Indicator |
Second Indicator |
Subfields |
| LEADER |
00000cam a22000008a 4500 |
| 001 |
in00000080033 |
| 005 |
20151008055306.0 |
| 008 |
810327s1982 miu b 00110 eng |
| 010 |
|
|
|a 74011524
|
| 020 |
|
|
|a 0810312182
|
| 035 |
|
|
|a (OCoLC)07460748
|
| 035 |
|
|
|9 AAJ3068AM
|
| 040 |
|
|
|a DLC
|c DLC
|d TXA
|d UtOrBLW
|
| 043 |
|
|
|a n-us---
|a e-uk---
|
| 049 |
|
|
|a TXAM
|c [1442504]
|
| 050 |
0 |
0 |
|a Z1231.D7
|b H36
|
| 090 |
|
|
|a PS345
|b .H36
|
| 100 |
1 |
|
|a Harris, Richard Hough.
|
| 245 |
1 |
0 |
|a Modern drama in America and England, 1950-1970 :
|b a guide to information sources /
|c Richard H. Harris.
|
| 263 |
|
|
|a 8106
|
| 264 |
|
1 |
|a Detroit, Mich. :
|b Gale Research Co.,
|c [1982]
|
| 264 |
|
4 |
|c ©1982
|
| 300 |
|
|
|a xii, 606 pages ;
|c 22 cm.
|
| 336 |
|
|
|a text
|b txt
|2 rdacontent
|
| 337 |
|
|
|a unmediated
|b n
|2 rdamedia
|
| 338 |
|
|
|a volume
|b nc
|2 rdacarrier
|
| 490 |
1 |
|
|a American literature, English literature, and world literatures in English: an information guide series ;
|v v. 34
|
| 500 |
|
|
|a Includes indexes.
|
| 650 |
|
0 |
|a American drama
|y 20th century
|x Bibliography.
|
| 650 |
|
0 |
|a English drama
|y 20th century
|v Bibliography.
|
| 830 |
|
0 |
|a Gale information guide library.
|p American literature, English literature, and world literatures in English information guide series ;
|v v. 34.
|
| 999 |
|
|
|a MARS
|
| 999 |
f |
f |
|s 0d2f4a15-915a-39db-a936-1bb2034da9a7
|i de0b2826-1191-355d-b8d2-99161a3e5915
|t 0
|
| 952 |
f |
f |
|p ric
|a Texas A&M University
|b Rellis Campus
|c Joint Library Facility
|d Remote Storage
|t 0
|e PS345 .H36
|h Library of Congress classification
|i unmediated -- volume
|m A14824105845
|
| 998 |
f |
f |
|a PS345 .H36
|t 0
|l Remote Storage
|